000 00593cam a22002291 4500
001 sa 66003621
003 DLC
005 20260227112237.0
008 900214s1962 ii 000 0 sano
010 _asa 66003621
035 _a(OCoLC)21064887
040 _aDLC
_cWaU
_dDLC
041 0 _asanhin
042 _apremarc
050 0 0 _aPK3799.V28
_bS2
100 1 _aVaradachari, V.
_q(Venkatadriagaram),
_d1914-2003.
245 1 0 _aŚakuntalācaritam.
260 _c1962.
300 _a2, 44, 12 p.
_c18 cm.
500 _aIn Sanskrit; notes in Hindi.
700 0 _aKālidāsa.
_tŚakuntala.
999 _c69006
_d69006